Guía práctica de Arqueología

I tiakina i:
Ngā taipitopito rārangi puna kōrero
Kaituhi matua: McIntosh, Jane (autora)
Hōputu: Pukapuka
Reo:Pāniora
I whakaputaina: Madrid Hermann Blume 1987
Ngā marau:
Ngā Tūtohu: Tāpirihia he Tūtohu
Kāore He Tūtohu, Me noho koe te mea tuatahi ki te tūtohu i tēnei pūkete!

MARC

LEADER 00000nam a2200000 a 4500
001 UCW9065
003 CL-VaPUC
008 881129e19870000SP |||||||||||||||||spa|d
082 0 4 |a 930.1  |b MCI  |2 21 
100 |a McIntosh, Jane  |e autora  |9 314219 
245 1 0 |a Guía práctica de Arqueología 
300 |a 192 p 
942 |c BK 
945 |d 19881129 00:00:00 
260 |a Madrid  |b Hermann Blume  |c 1987 
650 0 |a Arqueología   |v Historia   |9 314220 
583 |a last modification  |c 19881129 00:00:00  |k Rodrigo Vera 
999 |c 221139  |d 221137 
952 |0 0  |1 0  |4 0  |6 930_100000000000000_MCI_1987  |7 0  |8 A  |9 214150  |a BIBHIS  |b BIBHIS  |d 2019-11-15  |i 2827387  |o 930.1 MCI 1987  |p 2827387  |r 2023-01-25  |w 2019-11-15  |y BK  |k HIS